banner koha

Angioceratoma conjuntival canino: relato de caso (Registro n. 300567)

MARC details
000 -LÍDER
fixed length control field 02996nab a2200289 i 4500
003 - CÓDIGO MARC DA AGÊNCIA CATALOGADORA
Campo de controle BR-BrBNA
005 - DATA E HORA DA ÚLTIMA ATUALIZAÇÃO
Campo de controle 20240717152653.0
008 - CAMPO DE TAMANHO FIXO
fixed length control field 240717b2017 bl.|r|pooa||| 00| 0 por |
040 ## - FONTE DA CATALOGAÇÃO
Agência catalogadora BR-BrBNA
Idioma da catalogação por
072 ## - CATEGORIA AGRIS
Código AGRIS L73
Código do objeto 5400
100 ## - ENTRADA PRINCIPAL - NOME PESSOAL
Nome pessoal Souza, J.O.T.
100 ## - ENTRADA PRINCIPAL - NOME PESSOAL
Nome pessoal Wouk, A.F.P.F.
245 ## - TÍTULO PRINCIPAL
Título principal Angioceratoma conjuntival canino: relato de caso
500 ## - NOTA GERAL
Nota geral Publicação online; 15 ref.; 2 illus.; Summaries (En, Pt)
942 ## - ADDED ENTRY ELEMENTS (KOHA)
Koha item type
520 ## - NOTA DE RESUMO
Nota de conteúdo <br/>RESUMO - O angioceratoma é um tumor de origem vascular, semelhante ao hemangioma, que se diferencia deste por alterações histológicas epiteliais. A apresentação ocular do angioceratoma é pouco frequente em cães, sendo mais comum a ocorrência de hemangioma e hemangiossarcoma. Neste relato, é descrito o caso de um cão, macho, da raça Border Collie, que apresentava uma massa localizada, hiperêmica, bem vascularizada e protrusa, na região temporal da conjuntiva bulbar do olho direito (OD). Foi realizado exame oftalmológico completo e ultrassonografia ocular, tendo sido possível observar que a massa não envolvia outras estruturas oculares além da conjuntiva. Dessa forma, foi realizada a conjuntivectomia parcial, e o material foi encaminhado para análise histológica. O exame histopatológico foi conclusivo para um angioceratoma e mostrou que as margens da amostra estavam livres. O procedimento cirúrgico com margem de segurança foi eficiente no tratamento da neoplasia, sem recorrência até o momento do presente relato.<br/><br/><br/>Palavras-chave: cães, tumor conjuntival, angioceratoma, hemangioma
520 ## - NOTA DE RESUMO
Nota de conteúdo <br/>ABSTRACT - Angiokeratomas have been described as tumors of vascular origin, similar to hemangioma but with participation of adjacent epithelium and less frequent in dogs. In this case we have reported an adult, male, Border Collie dog presenting a localized and hyperemic mass with protrusion surface and well vascularized region of temporal bulbar conjunctiva of the right eye (OD). Complete ocular examination and ocular ultrasound have revealed no involvement of other ocular structures beyond the conjunctiva. A partial conjuntivectomy was surgically performed, tissue material sent for histological analysis and angiokeratoma diagnosis was accurately made. Surgical procedure with a safety tissue margin has shown adequate treatment efficiency, with no neoplasia recurrence to date.<br/><br/><br/>Keywords: dogs, conjunctival tumors, angiokeratoma, hemangioma
650 ## - ASSUNTO - THESAGRO
Cabeçalho tópico ou nome geográfico CÃO
650 ## - ASSUNTO - THESAGRO
Cabeçalho tópico ou nome geográfico NEOPLASIA
650 ## - ASSUNTO - THESAGRO
Cabeçalho tópico ou nome geográfico TUMOR
650 ## - ASSUNTO - THESAGRO
Cabeçalho tópico ou nome geográfico OLHO
650 ## - ASSUNTO - THESAGRO
Cabeçalho tópico ou nome geográfico CIRURGIA
650 ## - ASSUNTO - THESAGRO
Cabeçalho tópico ou nome geográfico HISTOPATOLOGIA
773 0# - ENTRADA ANALÍTICA
Host Biblionumber 1643
Registro do item 316243
Imprenta Belo Horizonte-MG Universidade Federal de Minas Gerais - Escola de Veterinaria 1983
Outro identificador 2024-2644
Título Arquivo Brasileiro de Medicina Veterinária e Zootecnia (Brazil)
ISSN 0102-0935
Colação v. 69(5) p. 1198-1202; (2017)
Número de controle de registro BR2024002198
856 ## - ACESSO E ENDEREÇO ELETRÔNICO
Identificador uniforme de recurso - URI https://www.scielo.br/j/abmvz/a/XWBMVNwMBNyY7F6RnjTPTcv/?format=pdf&lang=pt

Nenhum exemplar disponível.

BINAGRI

Telefone: (61)3218-2567/2388/3357/2097 - binagri@agro.gov.br

Ministério da Agricultura e Pecuária , Esplanada dos Ministérios, Bloco D, Anexo B, Brasília/DF, CEP: 70.043-900